<?xml version="1.0" encoding="UTF-8"?>
<collection xmlns="http://www.loc.gov/MARC21/slim">
<record>
  <controlfield tag="001">219141</controlfield>
  <controlfield tag="005">20250214200315.0</controlfield>
  <datafield tag="980" ind1=" " ind2=" ">
    <subfield code="a">I</subfield>
  </datafield>
  <datafield tag="980" ind1=" " ind2=" ">
    <subfield code="a">AUTHORITY</subfield>
  </datafield>
  <datafield tag="909" ind1="C" ind2="O">
    <subfield code="o">oai:repository.gsi.de:219141</subfield>
    <subfield code="p">authority:INSTITUTE</subfield>
    <subfield code="p">authority</subfield>
  </datafield>
  <datafield tag="024" ind1="7" ind2=" ">
    <subfield code="2">I:(DE-Ds200)</subfield>
    <subfield code="a">I:(DE-Ds200)WGF-20100910OR011</subfield>
  </datafield>
  <datafield tag="410" ind1="1" ind2=" ">
    <subfield code="a">WGF</subfield>
    <subfield code="d">20100910183814.0Z</subfield>
    <subfield code="w">d</subfield>
  </datafield>
  <datafield tag="410" ind1="1" ind2=" ">
    <subfield code="a">Scientific Managing Director FAIR &amp; GSI</subfield>
    <subfield code="w">a</subfield>
  </datafield>
  <datafield tag="410" ind1="1" ind2=" ">
    <subfield code="a">Wissenschaftliche Geschäftsführung FAIR &amp; GSI</subfield>
    <subfield code="w">a</subfield>
    <subfield code="y">20100910183814.0Z</subfield>
  </datafield>
  <datafield tag="410" ind1="1" ind2=" ">
    <subfield code="a">Scientific Managing Director</subfield>
  </datafield>
  <datafield tag="110" ind1="1" ind2=" ">
    <subfield code="a">Wissenschaftliche Geschäftsführung</subfield>
    <subfield code="y">20100910183814.0Z</subfield>
  </datafield>
  <datafield tag="371" ind1=" " ind2=" ">
    <subfield code="c">Wissenschaftliche Geschäftsführung</subfield>
    <subfield code="s">20100910183814.0Z</subfield>
    <subfield code="v">GSI-OR-IdM</subfield>
  </datafield>
  <datafield tag="510" ind1="1" ind2=" ">
    <subfield code="0">I:(DE-Ds200)GF-20160831OR351</subfield>
    <subfield code="2">I:(DE-Ds200)</subfield>
    <subfield code="a">GF</subfield>
    <subfield code="w">t</subfield>
  </datafield>
  <datafield tag="373" ind1="9" ind2="8">
    <subfield code="0">I:(DE-Ds200)WGF-20100910OR011</subfield>
    <subfield code="s">20100910183814.0Z</subfield>
    <subfield code="v">GSI-OR-IdM</subfield>
  </datafield>
  <datafield tag="373" ind1="9" ind2="9">
    <subfield code="0">I:(DE-Ds200)20121206GSI</subfield>
    <subfield code="a">GSI Helmholtzzentrum für Schwerionenforschung GmbH</subfield>
    <subfield code="i">absolut top</subfield>
    <subfield code="k">GSI</subfield>
    <subfield code="s">20100910183814.0Z</subfield>
    <subfield code="w">r</subfield>
  </datafield>
  <datafield tag="035" ind1=" " ind2=" ">
    <subfield code="a">I:(DE-Ds200)WGF-20100910OR011</subfield>
  </datafield>
</record>
</collection>